Statistics for Oldest NBA Players

Click here to take the quiz!

General Stats

  • This quiz has been taken 157 times
  • The average score is 3 of 10

Answer Stats

AgeAnswer% Correct
35LeBron James
92%
43Vince Carter
63%
39Udonis Haslem
44%
35Carmelo Anthony
35%
36Andre Iguodala
10%
39Kyle Korver
8%
37Tyson Chandler
4%
35JJ Redick
3%
35J.J. Barea
1%
36Thabo Sefolosha
1%

Score Distribution

Percentile by Number Answered

Percent of People with Each Score

Your Score History

You have not taken this quiz